000 01261nam a22002417a 4500
005 20150721124256.0
008 150721b2009 it |||||r|||| 10| 0 spa d
040 _aCO-BoIAVH
_cCO-BoIAVH
041 0 _aeng
044 _ait
082 3 _a631.58
_bM63u
111 2 _aWorkshop help in Chaing Mai
_cTailandia
_d2009
245 1 _aThe use of agrobiodiversity by indigenous and traditional agricultural communities in:
_badapting to climate change
260 3 _aItalia:
_bBioversity International,
_c2009.
300 _a31 p.
_bfotografías, ilustraciones, color.
_c21 cm.
504 _aIncluye referencias bibliográficas (Pág. 29-31).
505 _aIntrducción. Entendimiento de la adaptación. Estrategias de adaptación. Un en enfoque de todo el sistema. Dimensión comunitaria de la adaptación. El rol de la mujer en la adaptación. Integrado la adaptación y los medios de vida con la protección de los derechos de los pueblos indígenas. Conclusiones.
650 4 _aAgrobiodiversidad
_xComunidades rurales
650 4 _aAdaptación al cambio climático
_xComunidades rurales
650 4 _aCambio climático
_xComunidades rurales
710 1 _aPlatform for agrobiodiversity research
942 _2ddc
_cFolleto
999 _c17601
_d17601